000 00476 a2200169 4500
999 _c8113
_d8113
020 _a9788184500660
050 _aHG 173 FIN 2008
100 _a Mohan. S
_eeditor
245 _aFinancial services
_cS Mohan
264 _aNew Delhi :
_bDeep and Deep,
_c2008.
300 _a587p.;
500 _aincludes index.
650 _aFinancial services industry
_x India.
650 _a Law and legislation
_xIndia.
700 _aElangovan .R
_qeditor
942 _2lcc
_cBK
_h173
_iMOH
_kHG